| 000 | 00423nam a2200157Ia 4500 | ||
|---|---|---|---|
| 008 | 231217s9999 xx 000 0 und d | ||
| 041 | _aEnglish | ||
| 082 | _a025.3 CLE;1 R | ||
| 100 | _aCleveland, Donald B Cleveland, Ana D | ||
| 245 | 0 | _aIntroduction to indexing and abstracting | |
| 250 | _a3rd ed. | ||
| 260 |
_c2001 _bLibraries _aColorado |
||
| 300 | _axiii+283 | ||
| 650 | _aindexing,abstracting | ||
| 942 | _cAA | ||
| 999 |
_c175410 _d175410 |
||